=LDR 00000nam 2200000 4500 =001 INLIS000000000011309 =005 20130612102902 =008 ***********************************Ind** =035 ##$$0010-061300000011309 =041 ##$$a Ind =082 ##$$a 959.8 =090 ##$$a 959.8, Dar d =100 ##$$a Agung, Ide Anak Agung Gde =245 ##$$a Dari negara Indonesia timur ke republik Indonesia serikat, DR.ide Anak Agung Gde Agung,S.H =260 ##$$a 1985 $b Yogyakarta Gajah Mada University =300 ##$$a 853 hlm., ilus, 21 cm =650 ##$$a Sejarah Indonesia =850 ##$$a NBPNMAT